Triple-Double dans l'histoire de la NBA - Statistiques

Statistiques générales
  • Ce quiz a été pris 270 fois
    258 depuis la dernière actualisation
  • Le résultat moyen est 95 sur 447
Statistiques - réponses
Nombre de triple double Joueur Années Équipes % Correct
1 David West 2003-18 New Orleans Hornets, Indiana Pacers, San Antonio Spurs, Golden State Warriors
98%
16* Jerry West 1960-74 Los Angeles Lakers
98%
193 Russell Westbrook 2008- Oklahoma City Thunder, Houston Rockets, Washington Wizards, Los Angeles Lakers
98%
103 LeBron James 2003- Cleveland Cavaliers, Miami Heat, Los Angeles Lakers
96%
72 Nikola Jokic 2015- Denver Nuggets
92%
45 Luka Doncic 2018- Dallas Mavericks
90%
67 James Harden 2009- Oklahoma City Thunder, Houston Rockets, Brooklyn Nets
89%
59* Larry Bird 1979-92 Boston Celtics
86%
78* Wilt Chamberlain 1959-73 Philadelphia Warriors, San Francisco Warriors, Philadelphia 76ers, Los Angeles Lakers
85%
138* Magic Johnson 1979-91, 1996 Los Angeles Lakers
81%
181* Oscar Robertson 1960-74 Cincinnati Royals, Milwaukee Bucks
81%
9 Stephen Curry 2009- Golden State Warriors
81%
13 Alvin Robertson 1984-96 San Antonio Spurs, Milwaukee Bucks, Detroit Pistons, Toronto Raptors
79%
14 Kevin Durant 2007- Seattle SuperSonics, Oklahoma City Thunder, Golden State Warriors, Brooklyn Nets
79%
1 Eddie Johnson 1981-99 Kansas City / Sacramento Kings, Phoenix Suns, Seattle SuperSonics, Charlotte Hornets, Indiana Pacers, Houston Rockets
78%
1 George Johnson 1972-86 Golden State Warriors, Buffalo Braves, New Jersey Nets, San Antonio Spurs, Atlanta Hawks, Seattle SuperSonics
78%
2* Gus Johnson 1963-73 Baltimore Bullets, Phoenix Suns, Indiana Pacers
78%
2 Joe Johnson 2001-18,2021-22 Boston Celtics, Phoenix Suns, Atlanta Hawks, Brooklyn Nets, Miami Heat, Utah Jazz, Houston Rockets
78%
7 John Johnson 1970-82 Cleveland Cavaliers, Portland Trail Blazers, Houston Rockets, Seattle SuperSonics
78%
13 Kevin Johnson 1987-98, 2000 Cleveland Cavaliers, Phoenix Suns
78%
5 Larry Johnson 1991-01 Charlotte Hornets, New York Knicks
78%
4 Marques Johnson 1977-87, 1989 Milwaukee Bucks, Los Angeles Clippers, Golden State Warriors
78%
8 Mickey Johnson 1974-86 Chicago Bulls, Indiana Pacers, Milwaukee Bucks, New Jersey Nets, Golden State Warriors
78%
1 Eddie Jordan 1977-84 Cleveland Cavaliers, New Jersey Nets, Los Angeles Lakers, Portland Trail Blazers
76%
28* Michael Jordan 1984-93, 1995-98, 2001-03 Chicago Bulls, Washington Wizards
76%
31 Draymond Green 2012- Golden State Warriors
73%
21* Kareem Abdul-Jabbar 1969-89 Milwaukee Bucks, Los Angeles Lakers
73%
21* Kobe Bryant 1996-16 Los Angeles Lakers
73%
2 Si Green 1956-65 Rochester Royals, Cincinnati Royals, St. Louis Hawks, Chicago Packers / Zephyrs / Baltimore Bullets, Boston Celtics
73%
107* Jason Kidd 1994-13 Dallas Mavericks, Phoenix Suns, New Jersey Nets, New York Knicks
72%
29 Giannis Antetokounmpo 2013- Milwaukee Bucks
69%
2* Shaquille O'Neal 1992-11 Orlando Magic, Los Angeles Lakers, Miami Heat, Phoenix Suns, Cleveland Cavaliers, Boston Celtics
67%
18 Chris Paul 2005- New Orleans Hornets, Los Angeles Clippers, Houston Rockets,Oklahoma City Thunder, Phoenix Suns
66%
1 Jermaine O'Neal 1996-14 Portland Trail Blazers, Indiana Pacers, Toronto Raptors, Miami Heat, Boston Celtics, Phoenix Suns, Golden State Warriors
66%
4 Joel Embiid 2014- Philadelphie 76ers
66%
17* Bill Russell 1956-69 Boston Celtics
64%
1 Campy Russell 1974-82, 1984 Cleveland Cavaliers, New York Knicks
63%
1 D'Angelo Russell 2015- Los Angeles Lakers, Brooklyn Nets, Golden State Warriors, Minnesota Timberwolves
63%
4* Tim Duncan 1997-16 San Antonio Spurs
63%
1 Tony Parker 2001-19 San Antonio Spurs, Charlotte Hornets
61%
2 Mychal Thompson 1978-91 Portland Trail Blazers, San Antonio Spurs, Los Angeles Lakers
60%
3 Paul George 2010- Indiana Pacers, Oklahoma City Thunder, Los Angeles Clippers
60%
1 Jack George 1953-61 Philadelphia Warriors, New York Knicks
58%
14* David Robinson 1989-03 San Antonio Spurs
57%
17* Scottie Pippen 1987-04 Chicago Bulls, Houston Rockets, Portland Trail Blazers
57%
1 Cliff Robinson 1979-92 New Jersey Nets, Kansas City Kings, Cleveland Cavaliers, Washington Bullets, Philadelphia 76ers, Los Angeles Lakers
56%
2 Rumeal Robinson 1990-97 Atlanta Hawks, New Jersey Nets, Charlotte Hornets, Portland Trail Blazers, Los Angeles Lakers, Phoenix Suns
56%
32 Ben Simmons 2016- Philadelphie 76ers
55%
1 Kawhi Leonard 2011- San Antonio Spurs, Toronto Raptors, Los Angeles Clippers
55%
2 Lionel Simmons 1990-97 Sacramento Kings
55%
1 Damian Lillard 2012- Portland Trail Blazers
53%
16* Kevin Garnett 1995-16 Minnesota Timberwolves, Boston Celtics, Brooklyn Nets
53%
3* Steve Nash 1996-15 Phoenix Suns, Dallas Mavericks, Los Angeles Lakers
53%
25* Clyde Drexler 1983-98 Portland Trail Blazers, Houston Rockets
52%
1 Anthony Davis 2012- New Orleans Hornets / Pelicans, Los Angeles Lakers
51%
10 Baron Davis 1999-12 Charlotte/New Orleans Hornets, Golden State Warriors, Los Angeles Clippers, Cleveland Cavaliers, New York Knicks
51%
3 Caron Butler 2002-16 Miami Heat, Los Angeles Lakers, Washington Wizards, Dallas Mavericks, Los Angeles Clippers, Milwaukee Bucks, Oklahoma City Thunder, Detroit Pistons, Sacramento Kings
51%
14* Hakeem Olajuwon 1984-02 Houston Rockets, Toronto Raptors
51%
15 Jimmy Butler 2011- Chicago Bulls, Minnesota Timberwolves, Philadelphia 76ers, Miami Heat
51%
4* Karl Malone 1985-04 Utah Jazz, Los Angeles Lakers
51%
20* Charles Barkley 1984-00 Philadelphia 76ers, Phoenix Suns, Houston Rockets
50%
2 Dirk Nowitzki 1998-19 Dallas Mavericks
50%
5 Dwyane Wade 2003-19 Miami Heat, Chicago Bulls, Cleveland Cavaliers
50%
3 Kyrie Irving 2011- Cleveland Cavaliers, Boston Celtics, Brooklyn Nets
50%
9* Paul Pierce 1998-17 Boston Celtics, Brooklyn Nets, Washington Wizards, Los Angeles Clippers
50%
2 Carmelo Anthony 2003- Denver Nuggets, New York Knicks, Oklahoma City Thunder, Houston Rockets, Portland Trail Blazers, Los Angeles Lakers
49%
33* Bob Cousy 1950-63, 1969-70 Boston Celtics, Cincinnati Royals
47%
5 Marc Gasol 2008-21 Memphis Grizzlies, Toronto Raptors, Los Angeles Lakers
47%
10 Pau Gasol 2001-19 Memphis Grizzlies, Los Angeles Lakers, Chicago Bulls, San Antonio Spurs, Milwaukee Bucks
47%
3* Ray Allen 1996-14 Milwaukee Bucks, Seattle SuperSonics, Boston Celtics, Miami Heat
47%
6 LaMelo Ball 2020- Charlotte Hornets
46%
8 Lonzo Ball 2017- Los Angeles Lakers, New Orleans Pelicans, Chicago Bulls
46%
1 Isaiah Thomas 2011- Sacramento Kings, Phoenix Suns, Boston Celtics, Cleveland Cavaliers, Los Angeles Lakers, Denver Nuggets, Washington Wizards, New Orleans Pelicans, Dallas Mavericks
45%
5* Isiah Thomas 1981-94 Detroit Pistons
45%
5 Michael Carter-Williams 2013- Philadelphia 76ers, Milwaukee Bucks, Chicago Bulls, Charlotte Hornets, Houston Rockets, Orlando Magic
45%
10 Blake Griffin 2009- Los Angeles Clippers, Detroit pistons, Brooklyn Nets
44%
2* Bob Pettit 1954-65 Milwaukee Hawks, St Louis Hawks
44%
1 Kenny Thomas 1999-10 Houston Rockets, Philadelphia 76ers, Sacramento Kings
44%
1 Alvin Williams 1997-07 Portland Trail Blazers, Toronto Raptors, Los Angeles Clippers
43%
5 Art Williams 1967-74 San Diego Rockets, Boston Celtics
43%
1* Dennis Rodman 1986-00 Detroit Pistons, San Antonio Spurs, Chicago Bulls, Los Angeles Lakers, Dallas Mavericks
43%
1 Gus Williams 1975-87 Golden State Warriors, Seattle SuperSonics, Washington Bullets, Atlanta Hawks
43%
1 Jay Williams 2002-04 Chicago Bulls
43%
2 John Williams 1973-80 New York Nets, Indiana Pacers,, Washington Bullets
43%
1 Lou Williams 2005- Philadelphia 76ers, Atlanta Hawks, Toronto Raptors, Los Angeles Lakers, Houston Rockets, Los Angeles Clippers
43%
3 Micheal Williams 1988-99 Detroit Pistons, Phoenix Suns, Charlotte Hornets, Indiana Pacers, Minnesota Timberwolves, Toronto Raptors
43%
1 Mo Williams 2003-17 Utah Jazz, Milwaukee Bucks, Cleveland Cavaliers, Los Angeles Clippers, Portland Trail Blazers, Minnesota Timberwolves, Charlotte Hornets
43%
5 Ray Williams 1977-87 New York Knicks, New Jersey Nets, Kansas City Kings, Boston Celtics, Atlanta Hawks, San Antonio Spurs
43%
1 Reggie Williams 1987-97 Los Angeles Clippers, Cleveland Cavaliers, San Antonio Spurs, Denver Nuggets, Indiana Pacers, New Jersey Nets
43%
1 Robert Williams 2018- Boston Celtics
43%
1 Terrence Williams 2009-13 New Jersey Nets, Houston Rockets, Sacramento Kings, Boston Celtics
43%
5 Vince Carter 1998-20 Toronto Raptors, New Jersey Nets, Orlando Magic, Phoenix Suns, Dallas Mavericks, Memphis Grizzlies, Sacramento Kings, Atlanta Hawks
43%
1* Allen Iverson 1996-10 Philadelphia 76ers, Denver Nuggets, Detroit Pistons, Memphis Grizzlies
42%
1 Jayson Tatum 2017- Boston Celtics
42%
8 John Wall 2010- Washington Wizards, Houston Rockets
42%
3 Trae Young 2018- Atlanta Hawks
42%
1* Patrick Ewing 1985-02 New York Knicks, Seattle Supersonics, Orlando Magic
41%
15 Dejounte Murray 2016- San Antonio Spurs
40%
1 DeMar DeRozan 2009- Toronto Raptors, San Antonio Spurs, Chicago Bulls
40%
15* Gary Payton 1990-07 Seattle SuperSonics, Milwaukee Bucks, Los Angles Lakers, Boston Celtics, Miami Heat
40%
13 Julius Randle 2014- Los Angeles Lakers, New Orleans Pelicans, New York Knicks
40%
1 Ken Murray 1950-55 Baltimore Bullets, Fort Wayne Pistons, Washington Capitols, Philadelphia Warriors
40%
20 Kyle Lowry 2006- Memphis Grizzlies, Houston Rockets, Toronto Raptors, Miami Heat
40%
18 Domantas Sabonis 2016- Oklahoma City Thunder, Indiana Pacers
39%
17 Elfrid Payton 2014- Orlando Magic, Phoenix Suns, New Orleans Pelicans, New York Knicks
39%
1* Julius Erving 1973-87 New York Nets, Philadelphia 76ers
39%
31* John Havlicek 1962-78 Boston Celtics
38%
9 Nicolas Batum 2008- Portland Trail Blazers, Charlotte Hornets, Los Angeles Clippers
38%
1 Derrick Rose 2008- Chicago Bulls, New York Knicks, Cleveland Cavaliers, Minnesota Timberwolves, Detroit Pistons
37%
1 Jaylen Brown 2016- Boston Celtics
37%
32 Rajon Rondo 2006- Boston Celtics, Dallas Mavericks, Sacramento Kings, Chicago Bulls, New Orleans Pelicans, Los Angeles Lakers, Atlanta Hawks, Los Angeles Clippers
37%
1 Jalen Rose 1994-07 Denver Nuggets, Indiana Pacers, Chicago Bulls, Toronto Raptors, New York Knicks, Phoenix Suns
36%
4 Ja Morant 2019- Memphis Grizzlies
36%
3 Kevin Love 2008- Minnesota Timberwolves, Cleveland Cavaliers
36%
1 Dwight Howard 2004- Orlando Magic, Los Angeles Lakers, Houston Rockets, Atlanta Hawks, Charlotte Hornets, Washington Wizards, Philadelphia 76ers
35%
2 Karl-Anthony Towns 2015- Minnesota Timberwolves
35%
4* Tracy McGrady 1997-2013 Toronto Raptors, Orlando Magic, Houston Rockets, New York Knicks, Detroit Pistons, Atlanta Hawks, San Antonio Spurs
35%
5 Anfernee Hardaway 1993-07 Orlando Magic, Phoenix Suns, New York Knicks, Miami Heat
33%
26* Elgin Baylor 1958-71 Minneapolis Lakers, Los Angeles Lakers
33%
4 Jrue Holiday 2009- Philadelphia 76ers, New Orleans Pelicans, Milwaukee Bucks
33%
4 Tim Hardaway 1989-03 Golden State Warriors, Miami Heat, Dallas Mavericks, Denver Nuggets, Indiana Pacers
33%
2 Bradley Beal 2012- Washington Wizards
31%
1* Reggie Miller 1987-05 Indiana Pacers
31%
9 Andre Miller 1999-16 Cleveland Cavaliers, Los Angeles Clippers, Denver Nuggets, Philadelphie 76ers, Portland Trail Blazers, Washington Wizards, Sacramento Kings, Minnesota Timberwolves, San Antonio Spurs
30%
5 Bam Adebayo 2017- Miaimi Heat
30%
3 Brad Miller 1998-12 Charlotte Hornets, Chicago Bulls, Indiana Pacers, Sacramento Kings, Houston Rockets, Minnesota Timberwolves
30%
1 Mike Miller 2000-17 Orlando Magic, Memphis Grizzlies, Minnesota Timberwolves, Washington Wizards, Miami Heat, Cleveland Cavaliers, Denver Nuggets
30%
1 Oliver Miller 1992-00, 2003-04 Phoenix Suns, Detroit Pistons, Toronto Raptors, Dallas Mavericks, Sacramento Kings, Minnesota Timberwolves
30%
1 Mike Mitchell 1978-87, 1990 Cleveland Cavaliers, San Antonio Spurs
29%
2 Aaron Gordon 2014- Orlando Magic, Denver Nuggets
28%
9 Andre Iguodala 2004- Philadelphia 76ers, Denver Nuggets, Golden State Warriors, Miami Heat
27%
1 Bobby Jackson 1997-09 Denver Nuggets, Minnesota Timberwolves, Sacramento Kings, Memphis Grizzlies, New Orleans / Oklahoma City Hornets, Houston Rockets
27%
1 De'Aaron Fox 2017- Sacramento Kings
27%
9 DeMarcus Cousins 2010- Sacramento Kings, New Orleans Pelicans, Golden State Warriors, Houston Rockets, Los Angeles Clippers, Milwaukee Bucks
27%
3 Dennis Smith 2017- Dallas Mavericks, New York Knicks, Detroit Pistons, Portland Trail Blazers
27%
6 Elmore Smith 1971-79 Buffalo Braves, Los Angeles Lakers, Milwaukee Bucks, Cleveland Cavaliers
27%
1 Greg Smith 1968-75 Milwaukee Bucks, Houston Rockets, Portland Trail Blazers
27%
2 Jarrett Jack 2005-18 Portland Trail Blazers, Indiana Pacers, Toronto Raptors, New Orleans Hornets, Golden State Warriors, Cleveland Cavaliers, Brooklyn Nets, New Orleans Pelicans, New York Knicks
27%
2 Jim Fox 1967-77 Cincinnati Royals, Detroit Pistons, Phoenix Suns, Chicago Bulls, Seattle SuperSonics, Milwaukee Bucks, New York Nets
27%
2 Jim Jackson 1992-06 Dallas Mavericks, New Jersey Nets, Philadelphia 76ers, Golden State Warriors, Portland Trail Blazers, Atlanta Hawks, Cleveland Cavaliers, Miami Heat, Sacramento Kings, Houston Rockets, Phoenix Suns, Los Angeles Lakers
27%
3 Josh Smith 2004-17 Atlanta Hawks, Detroit Pistons, Houston Rockets, Los Angeles Clippers, New Orleans Pelicans
27%
18 Mark Jackson 1987-04 New York Knicks, Los Angeles Clippers, Indiana Pacers, Denver Nuggets, Toronto Raptors, Utah Jazz, Houston Rockets
27%
1 Phil Smith 1974-83 Golden State Warriors, San Diego Clippers, Seattle SuperSonics
27%
2 Reggie Jackson 2011- Oklahoma City Thunder, Detroit Pistons, Los Angeles Clippers
27%
2 Stephen Jackson 2000-14 New Jersey Nets, San Antonio Spurs, Atlanta Hawks, Indiana Pacers, Golden State Warriors, Charlotte Bobcats, Milwaukee Bucks, Los Angeles Clippers
27%
1 Steve Smith 1991-05 Miami Heat, Atlanta Hawks, Portland Trail Blazers, San Antonio Spurs, New Orleans Hornets, Charlotte Bobcats
27%
15 Antoine Walker 1996-08 Boston Celtics, Dallas Mavericks, Atlanta Hawks, Miami Heat, Minnesota Timberwolves
26%
2* Ben Wallace 1996-12 Washington Bullets / Wizards, Orlando Magic, Detroit Pistons, Chicago Bulls, Cleveland Cavaliers
26%
15 Darrell Walker 1983-93 New York Knicks, Denver Nuggets, Washington Bullets, Detroit Pistons, Chicago Bulls
26%
2 Foots Walker 1974-83 Cleveland Cavaliers, New Jersey Nets
26%
1 George Hill 2008- San Antonio Spurs, Indiana Pacers, Utah Jazz, Sacramento Kings, Cleveland Cavaliers, Milwaukee Bucks, Oklahoma City Thunder, Philadelphia 76ers
26%
29* Grant Hill 1994-13 Detroit Pistons, Orlando Magic, Phoenix Suns, Los Angeles Clipper
26%
3 Kemba Walker 2011- Charlotte Bobcats / Hornets, Boston Celtics, New York Knicks
26%
1 Khris Middleton 2012- Detroit Pistons, Milwaukee Bucks
26%
1 Andrew Wiggins 2014- Minnesota Timberwolves, Golden State Warriors
25%
2 Shai Gilgeous-Alexander 2018- Los Angeles Clippers, Oklahoma City Thunder
25%
12 Alvan Adams 1975-88 Phoenix Suns
24%
2 Chauncey Billups 1997-14 Boston Celtics, Toronto Raptors, Denver Nuggets, Minnesota Timberwolves, Detroit Pistons, New York Knicks, Los Angeles Clippers
24%
1 Chuck Hayes 2006-15 Houston Rockets, Sacramento Kings, Toronto Raptors
24%
1 CJ McCollum 2013- Portland Trail Blazers
24%
3* Elvin Hayes 1968-84 San Diego Rockets, Houston Rockets, Baltimore Bullets, Capital Bullets, Washington Bullets
24%
1 Michael Adams 1985-96 Sacramento Kings, Washington Bullets, Denver Nuggets, Charlotte Hornets
24%
1 Steven Adams 2013- Oklahoma City Thunder, New Orleans Pelicans, Memphis Grizzlies
24%
2 Al Horford 2007- Atlanta Hawks, Boston Celtics, Philadelphia 76ers, Oklahoma City Thunder
23%
1 Shawn Kemp 1989-03 Seattle SuperSonics, Cleveland Cavaliers, Portland Trail Blazers, Orlando Magic
23%
1 Blue Edwards 1989-99 Utah Jazz, Milwaukee Bucks, Boston Celtics, Vancouver Grizzlies, Miami Heat
22%
21* Chris Webber 1993-08 Golden State Warriors, Washington Bullets/Wizards, Sacramento Kings, Philadelphia 76ers, Detroit Pistons
22%
4 Nikola Vucevic 2011- Philadelphia 76ers, Orlando Magic, Chicago Bulls
22%
1 Rodney White 2001-05 Detroit Pistons, Denver Nuggets, Golden State Warriors
22%
1 Art Harris 1968-72 Seattle SuperSonics, Phoenix Suns
21%
5* Bill Walton 1974-88 Portland Trail Blazers, San Diego / Los Angeles Clippers, Boston Celtics
21%
14* Billy Cunningham 1965-72, 1974-76 Philadelphia 76ers
21%
2 Cade Cunningham 2021- Detroit Pistons
21%
10* Dikembe Mutombo 1991-09 Denver Nuggets, Atlanta Hawks, Philadelphia 76ers, New Jersey Nets, New York Knicks, Houston Rockets
21%
7 Joakim Noah 2007-20 Chicago Bulls, New York Knicks, Memphis Grizzlies, Los Angeles Clippers
21%
1 Pascal Siakam 2016- Toronto Raptors
21%
1 Tim Frazier 2015-22 Philadelphia 76ers, Portland Trail Blazers, New Orleans Pelicans, Washington Wizards, Milwaukee Bucks, Detroit Pistons, Memphis Grizzlies, Orlando Magic
21%
1 Tobias Harris 2011- Milwaukee Bucks, Orlando Magic, Detroit Pistons, Los Angeles Clippers, Philadelphia 76ers
21%
23* Walt Frazier 1967-79 New York Knicks, Cleveland Cavaliers
21%
5* Alex English 1976-91 Milwaukee Bucks, Indiana Pacers, Denver Nuggets, Dallas Mavericks
20%
2* Bernard King 1977-91, 1993 New Jersey Nets, Utah Jazz, Golden State Warriors, New York Knicks, Washington Bullets
20%
2 Victor Oladipo 2013- Orlando Magic, Oklahoma City Thunder, Indiana Pacers, Houston Rockets, Miami Heat
20%
6 Boris Diaw 2003-17 Atlanta Hawks, Phoenix Suns, Charlotte Bobcats, San Antonio Spurs, Utah Jazz
19%
1 Edgar Jones 1980-86 New Jersey Nets, Detroit Pistons, San Antonio Spurs, Cleveland Cavaliers
19%
1* K.C. Jones 1958-67 Boston Celtics
19%
1 Red Kerr 1954-66 Syracuse Nationals / Philadelphia 76ers, Baltimore Bullets
19%
2* Robert Parish 1976-97 Golden State Warriors, Boston Celtics, Charlotte Hornets, Chicago Bulls
19%
7* Wes Unseld 1968-81 Baltimore / Capital / Washington Bullets
19%
5* Chris Mullin 1985-01 Golden State Warriors, Indiana Pacers
18%
1 Serge Ibaka 2009- Oklahoma City Thunder, Orlando Magic, Toronto Raptors, Los Angeles Clippers
18%
1 Clint Capela 2014- Houston Rockets, Atlanta Hawks
17%
1 Gary Grant 1988-98 Los Angeles Clippers, New York Knicks, Miami Heat, Portland Trail Blazers
17%
4 Josh Giddey 2021- Oklahoma City Thunder
17%
6* Rick Barry 1965-80 San Francisco Warriors, Oakland Oaks, Washington Capitals, New York Nets, Golden State Warriors, Houston Rockets
17%
5 Bill Bridges 1963-75 St. Louis / Atlanta Hawks, Philadelphia 76ers, Los Angeles Lakers, Golden State Warriors
15%
1 Darius Garland 2019- Cleveland Cavaliers
15%
5 Evan Turner 2010-20 Philadelphia 76ers, Indiana Pacers, Boston Celtics, Portland Trail Blazers, Atlanta Hawks
15%
4 Gilbert Arenas 2001-12 Golden State Warriors, Washington Wizards, Orlando Magic, Memphis Grizzlies
15%
1 Jeremy Lin 2010-19 Golden State Warriors, New York Knicks, Houston Rockets, Los Angeles Lakers, Charlotte Hornets, Brooklyn Nets, Atlanta Hawks, Toronto Raptors
15%
1 Marcus Smart 2014- Boston Celtics
15%
2 Winston Garland 1987-95 Golden State Warriors, Los Angeles Clippers, Denver Nuggets, Houston Rockets, Minnesota Timberwolves
15%
43 Fat Lever 1982-94 Portland Trail Blazers, Denver Nuggets, Dallas Mavericks
14%
1 Jim Tucker 1954-57 Syracuse Nationals
14%
3 Jordan Crawford 2010-14, 2017-18 Atlanta Hawks, Washington Wizards, Boston Celtics, Golden State Warriors, New Orleans Pelicans
14%
1 Jusuf Nurkic 2014- Denver Nuggets, Portland Trail Blazers
14%
1 Kyle Kuzma 2017- Los Angeles Lakers, Washington Wizards
14%
1 Matt Barnes 2004-17 Los Angeles Clippers, Sacramento Kings, New York Knicks, Philadelphia 76ers, Golden State Warriors, Phoenix Suns, Orlando Magic, Los Angeles Lakers, Memphis Grizzlies
14%
7 Ricky Rubio 2011- Minnesota Timberwolves, Utah Jazz, Phoenix Suns, Cleveland Cavaliers
14%
1 Zach Randolph 2001-19 Portland Trail Blazers, New York Knicks, Los Angeles Clippers, Memphis Grizzlies, Sacramento Kings
14%
1 Derek Anderson 1997-08 Cleveland Cavaliers, Los Angeles Clippers, San Antonio Spurs, Portland Trail Blazers, Houston Rockets, Miami Heat, Charlotte Bobcats
13%
2 Jim Price 1972-79 Los Angeles Lakers, Milwaukee Bucks, Buffalo Braves, Denver Nuggets, Detroit Pistons
13%
5 Kenny Anderson 1991-05 New Jersey Nets, Charlotte Hornets, Portland Trail Blazers, Boston Celtics, Seattle SuperSonics, New Orleans Hornets, Indiana Pacers, Atlanta Hawks, Los Angeles Clippers
13%
1 Kyle Anderson 2014- San Antonio Spurs, Memphis Grizzlies
13%
2 Markelle Fultz 2017- Philadelphia 76ers, Orlando Magic
13%
1 Mark Price 1986-98 Cleveland Cavaliers, Washington Bullets, Golden State Warriors, Orlando Magic
13%
4* Nate Thurmond 1963-77 San Francisco Warriors, Chicago Bulls, Cleveland Cavaliers
13%
1 Nick Anderson 1989-02 Orlando Magic, Sacramento Kings, Memphis Grizzlies
13%
7* Pete Maravich 1970-80 Atlanta Hawks, New Orleans / Utah Jazz, Boston Celtics
13%
1 Willie Anderson 1988-97 San Antonio Spurs, Toronto Raptors, New York Knicks, Miami Heat
13%
1 Fred VanVleet 2016- Toronto Raptors
12%
2 Malcolm Brogdon 2016- Milwaukee Bucks, Indiana Pacers
12%
7 Terry Porter 1985-02 Portland Trail Blazers, Minnesota Timberwolves, Miami Heat, San Antonio Spurs
12%
1 Brandon Roy 2006-13 Portland Trail Blazers, Minnesota Timberwolves
11%
1 Jason Terry 1999-18 Atlanta Hawks, Dallas Mavericks, Boston Celtics, Brooklyn Nets, Sacramento Kings, Houston Rockets, Milwaukee Bucks
11%
1 Jonas Valanciunas 2012- Toronto Raptors, Memphis Grizzlies, New Orleans Pelicans
11%
5 Eric Bledsoe 2010- Los Angeles Clippers, Phoenix Suns, Milwaukee Bucks, New Orleans Pelicans
10%
2 Goran Dragic 2008- Phoenix Suns, Houston Rockets, Miami Heat, Toronto Raptors
10%
3* Mitch Richmond 1988-02 Golden State Warriors, Sacramento Kings, Washington Wizards, Los Angeles Lakers
10%
1 Paul Millsap 2006- Utah Jazz, Atlanta Hawks, Denver Nuggets, Brooklyn Nets
10%
2 Terry Rozier 2015- Boston Celtics, Charlotte Hornets
10%
4* Toni Kukoc 1993-06 Chicago Bulls, Philadelphia 76ers, Atlanta Hawks, Milwaukee Bucks
10%
4* Bob Lanier 1970-84 Detroit Pistons, Milwaukee Bucks
9%
6* Dave Cowens 1970-83 Boston Celtics, Milwaukee Bucks
9%
4 Hassan Whiteside 2010-12, 2014- Sacramento Kings, Miami Heat, Portland Trail Blazers, Utah Jazz
9%
1 JaVale McGee 2008- Washington Wizards, Denver Nuggets, Philadelphia 76ers, Dallas Mavericks, Golden State Warriors, Los Angeles Lakers, Cleveland Cavaliers, Phoenix Suns
9%
12 Lamar Odom 1999-13 Los Angeles Clippers, Miami Heat, Los Angeles Lakers, Dallas Mavericks
9%
3 Larry Nance 1981-94 Phoenix Suns, Cleveland Cavaliers
9%
1 Manute Bol 1985-94 Washington Bullets, Golden State Warriors, Philadelphia 76ers, Miami Heat
9%
4 Ron Harper 1986-01 Cleveland Cavaliers, Los Angeles Clippers, Chicago Bulls, Los Angeles Lakers
9%
8* Vlade Divac 1989-05 Los Angeles Lakers, Charlotte Hornets, Sacramento Kings
9%
1* Adrian Dantley 1976-91 Buffalo Braves, Indiana Pacers, Los Angeles Lakers, Utah Jazz, Detroit Pistons, Dallas Mavericks, Milwaukee Bucks
8%
2* Artis Gilmore 1971-88 Chicago Bulls, San Antonio Spurs, Boston Celtics
8%
1 Carlos Boozer 2002-15 Cleveland Cavaliers, Utah Jazz, Chicago Bulls, Los Angeles Lakers
8%
3 Charles Oakley 1985-04 Chicago Bulls, New York Knicks, Toronto Raptors, Washington Wizards, Houston Rockets
8%
10* Jerry Lucas 1963-74 Cincinnati Royals, San Francisco Warriors, New York Knicks
8%
1 John Lucas 1976-90 Houston Rockets, Golden State Warriors, Washington Bullets, San Antonio Spurs, Milwaukee Bucks, Seattle SuperSonics
8%
1 Leroy Ellis 1962-76 Los Angeles Lakers, Baltimore Bullets, Portland Trail Blazers, Philadelphia 76ers
8%
1 Maurice Lucas 1976-88 Portland Trail Blazers, New Jersey Nets, New York Knicks, Phoenix Suns, Los Angeles Lakers, Seattle SuperSonics
8%
5* Sidney Moncrief 1979-89,1990-91 Milwaukee Bucks, Atlanta Hawks
8%
4 Brad Daugherty 1986-96 Cleveland Cavaliers
7%
1 Danny Schayes 1981-99 Utah Jazz, Denver Nuggets, Milwaukee Bucks, Los Angeles Lakers, Phoenix Suns, Miami Heat, Orlando Magic
7%
3 David Lee 2005-17 New York Knicks, Golden State Warriors, Boston Celtics, Dallas Mavericks, San Antonio Spurs
7%
7 Detlef Schrempf 1985-01 Dallas Mavericks, Indiana Pacers, Seattle SuperSonics, Portland Trail Blazers
7%
4 Doc Rivers 1983-96 Atlanta Hawks, Los Angeles Clippers, New York Knicks, San Antonio Spurs
7%
3* Dolph Schayes 1948-64 Syracuse Nationals, Philadelphia 76ers
7%
1 Elton Brand 1999-16 Chicago Bulls, Los Angeles Clippers, Philadelphia 76ers, Dallas Mavericks, Atlanta Hawks
7%
2 Greg Monroe 2010-19, 2021-22 Detroit Pistons, Milwaukee Bucks, Phoenix Suns, Boston Celtics, Toronto Raptors, Philadelphia 76ers, Minnesota Timberwolves, Washington Wizards
7%
1* Hal Greer 1958-73 Syracuse Nationals, Philadelphia 76ers
7%
5 Lance Stephenson 2010-19,2021- Indiana Pacers, Charlotte Hornets, Los Angeles Clippers, Memphis Grizzlies, New Orleans Pelicans, Minnesota Timberwolves, Los Angeles Lakers, Atlanta Hawks
7%
2 Mark Aguirre 1981-94 Dallas Mavericks, Detroit Pistons, Los Angeles Clippers
7%
1 Michael Brooks 1980-84, 1987-88 San Diego Clippers, Indiana Pacers, Denver Nuggets
7%
21 Micheal Ray Richardson 1978-86 New York Knicks, Golden State Warriors, New Jersey Nets
7%
2 Pooh Richardson 1989-99 Minnesota Timberwolves, Indiana Pacers, Los Angeles Clippers
7%
1 Richard Jefferson 2001-18 New Jersey Nets, Milwaukee Bucks, San Antonio Spurs, Golden State Warriors, Utah Jazz, Dallas Mavericks, Cleveland Cavaliers, Denver Nuggets
7%
6 Shawn Bradley 1993-05 Philadelphia 76ers, New Jersey Nets, Dallas Mavericks
7%
1 Caris LeVert 2016- Brooklyn Nets, Indiana Pacers
6%
1 Chris Morris 1988-99 New Jersey Nets, Utah Jazz, Phoenix Suns
6%
3* Gail Goodrich 1965-79 Los Angeles Lakers, Phoenix Suns, New Orleans Jazz
6%
1 Kenyon Martin 2000-15 New Jersey Nets, Denver Nuggets, Los Angeles Clippers, New York Knicks, Milwaukee Bucks
6%
13* Lenny Wilkens 1960-75 St Louis Hawks, Seattle SuperSonics, Cleveland Cavaliers, Portland Trail Blazers
6%
6 Mark Eaton 1982-94 Utah Jazz
6%
1* Slater Martin 1949-60 Minneapolis Lakers, New York Knicks, St. Louis Hawks
6%
1 Trevor Ariza 2004- New York Knicks, Orlando Magic, Los Angeles Lakers, Houston Rockets, New Orleans Hornets, Washington Wizards, Phoenix Suns, Sacramento Kings, Portland Trail Blazers, Miami Heat
6%
3 Tyreke Evans 2009-19 Sacramento Kings, New Orleans Pelicans, Memphis Grizzlies, Indiana Pacers
6%
3 Andrei Kirilenko 2001-11, 2012-14 Utah Jazz, Minnesota Timberwolves, Brooklyn Nets
5%
6 Damon Stoudamire 1995-08 Toronto Raptors, Portland Trail Blazers, Memphis Grizzlies, San Antonio Spurs
5%
3* Dave Bing 1966-78 Detroit Pistons, Washington Bullets, Boston Celtics
5%
4* Dave DeBusschere 1962-74 Detroit Pistons, New York Knicks
5%
2 Latrell Sprewell 1992-05 Golden State Warriors, New York Knicks, Minnesota Timberwolves
5%
4 Marcus Camby 1996-13 Toronto Raptors, New York Knicks, Denver Nuggets, Los Angeles Clippers, Portland Trail Blazers, Houston Rockets
5%
2 Mason Plumlee 2013- Brooklyn Nets, Portland Trail Blazers, Denver Nuggets, Detroit Pistons, Charlotte Hornets
5%
1* Maurice Cheeks 1978-93 Philadelphia 76ers, San Antonio Spurs, New York Knicks, Atlanta Hawks, New Jersey Nets
5%
3 Sam Cassell 1993-08 Houston Rockets, Phoenix Suns, Dallas Mavericks, New Jersey Nets, Milwaukee Bucks, Minnesota Timberwolves, Los Angeles Clippers, Boston Celtics
5%
7 Steve Francis 1999-08 Houston Rockets, Orlando Magic, New York Knicks
5%
2 T.J. McConnell 2015- Philadelphia 76ers, Indiana Pacers
5%
1 Brandon Knight 2011- Detroit Pistons, Milwaukee Bucks, Phoenix Suns, Houston Rockets, Cleveland Cavaliers, Dallas Mavericks
4%
1 Cedric Maxwell 1977-88 Boston Celtics, Los Angeles Clippers, Houston Rockets
4%
1 Charlie Bell 2001-02, 2005-11 Phoenix Suns, Dallas Mavericks, Milwaukee Bucks, Golden State Warriors
4%
1 Darren Collison 2009-19, 2021- New Orleans Hornets, Indiana Pacers, Dallas Mavericks, Los Angeles Clippers, Sacramento Kings, Los Angeles Lakers
4%
2 Jeff Hornacek 1986-00 Phoenix Suns, Philadelphia 76ers, Utah Jazz
4%
6 Michael Finley 1995-10 Phoenix Suns, Dallas Mavericks, San Antonio Spurs, Boston Celtics
4%
2 Mike Bibby 1998-12 Vancouver Grizzlies, Sacramento Kings, Atlanta Hawks, Washington Wizards, Miami Heat, New York Knicks
4%
1* Ralph Sampson 1983-92 Houston Rockets, Golden State Warriors, Sacramento Kings, Washington Bullets
4%
1 Sam Perkins 1984-01 Dallas Mavericks, Los Angeles Lakers, Seattle SuperSonics, Indiana Pacers
4%
1 Shareef Abdur-Rahim 1996-08 Vancouver Grizzlies, Atlanta Hawks, Portland Trail Blazers, Sacramento Kings
4%
1 Spencer Dinwiddie 2014- Detroit Pistons, Brooklyn Nets, Washington Wizards
4%
1 Stephon Marbury 1996-09 Minnesota Timberwolves, New Jersey Nets, Phoenix Suns, New York Knicks, Boston Celtics
4%
4* Walt Bellamy 1961-74 Chicago Packers, Chicago Zephyrs, Baltimore Bullets, New York Knicks, Detroit Pistons, Atlanta Hawks, New Orleans Jazz
4%
1 Brandon Jennings 2009-18 Milwaukee Bucks, Detroit Pistons, Orlando Magic, New York Knicks, Washington Wizards
3%
1* Charlie Scott 1972-80 Phoenix Suns, Boston Celtics, Los Angeles Lakers, Denver Nuggets
3%
3 Delon Wright 2015- Toronto Raptors, Memphis Grizzlies, Dallas Mavericks, Detroit Pistons, Sacramento Kings, Atlanta Hawks
3%
3* Jack Sikma 1977-91 Seattle SuperSonics, Milwaukee Bucks
3%
1 Jerry Stackhouse 1995-13 Philadelphia 76ers, Detroit Pistons, Washington Wizards, Dallas Mavericks, Milwaukee Bucks, Miami Heat, Atlanta Hawks, Brooklyn Nets
3%
1 Ray Scott 1961-70 Detroit Pistons, Baltimore Bullets
3%
1 Roy Hibbert 2008-17 Indiana Pacers, Los Angeles Lakers, Charlotte Hornets, Denver Nuggets
3%
2 Aaron McKie 1994-07 Portland Trail Blazers, Detroit Pistons, Philadelphia 76ers, Los Angeles Lakers
2%
1* Bob Dandridge 1969-81 Milwaukee Bucks, Washington Bullets
2%
1 Clifford Ray 1971-81 Chicago Bulls, Golden State Warriors
2%
4 Derrick Coleman 1990-05 New Jersey Nets, Philadelphia 76ers, Charlotte Hornets, Detroit Pistons
2%
7* George McGinnis 1971-82 Indiana Pacers, Philadelphia 76ers, Denver Nuggets
2%
3 Hedo Turkoglu 2000-15 Sacramento Kings, San Antonio Spurs, Orlando Magic, Toronto Raptors, Phoenix Suns, Los Angeles Clippers
2%
1* Jamaal Wilkes 1974-85 Golden State Warriors, Los Angeles Lakers, Los Angeles Clippers
2%
2* Jerry Sloan 1965-76 Baltimore Bullets, Chicago Bulls
2%
1 J.J Barea 2006-20 Dallas Mavericks, Minnesota Timberwolves
2%
3 John Bagley 1982-93 Cleveland Cavaliers, New Jersey Nets, Boston Celtics, Atlanta Hawks
2%
6 Johnny Moore 1980-87, 1989-90 San Antonio Spurs, New Jersey Nets
2%
1 Larry Sanders 2010-15, 2017 Milwaukee Bucks, Cleveland Cavaliers
2%
3 Otis Thorpe 1984-01 Kansas City/Sacramento Kings, Houston Rockets, Portland Trail Blazers, Detroit Pistons, Vancouver Grizzlies, Washington Wizards, Miami Heat, Charlotte Hornets
2%
1 Paul Silas 1964-80 St. Louis / Atlanta Hawks, Phoenix Suns, Boston Celtics, Denver Nuggets, Seattle SuperSonics
2%
2 Raymond Felton 2005-19 Charlotte Bobcats, New York Knicks, Denver Nuggets, Portland Trail Blazers, Dallas Mavericks, Los Angeles Clippers, Oklahoma City Thunder
2%
2 Reggie Theus 1978-91 Chicago Bulls, Kansas City Kings, Sacramento Kings, Atlanta Hawks, Orlando Magic, New Jersey Nets
2%
6 Rod Strickland 1988-05 New York Knicks, San Antonio Spurs, Portland Trail Blazers, Washington Bullets/Wizards, Miami Heat, Minnesota Timberwolves, Orlando Magic, Toronto Raptors, Houston Rockets
2%
1 Sam Vincent 1985-92 Boston Celtics, Seattle SuperSonics, Chicago Bulls, Orlando Magic
2%
2 Scott Skiles 1986-96 Milwaukee Bucks, Indiana Pacers, Orlando Magic, Washington Bullets, Philadelphia 76ers
2%
1 Terry Cummings 1982-00 San Diego Clippers, Milwaukee Bucks, San Antonio Spurs, Seattle SuperSonics, Philadelphia 76ers, New York Knicks, Golden State Warriors
2%
10* Andy Phillip 1947-58 Chicago Stags, Philadelphia Warriors, Fort Wayne Pistons, Boston Celtics
1%
1 Anthony Bowie 1989-96, 1998 San Antonio Spurs, Houston Rockets, Orlando Magic, New York Knicks
1%
1 Bob Harrison 1949-58 Minneapolis Lakers, Milwaukee / St. Louis Hawks, Syracuse Nationals
1%
2 Chuck Person 1986-00 Indiana Pacers, Minnesota Timberwolves, San Antonio Spurs, Charlotte Hornets, Seattle SuperSonics
1%
5* Cliff Hagan 1956-66 Saint-Louis Hawks
1%
5* Connie Hawkins 1969-76 Phoenix Suns, Los Angeles Lakers, Atlanta Hawks
1%
1 Danny Ainge 1981-95 Boston Celtics, Sacramento Kings, Portland Trail Blazers, Phoenix Suns
1%
1 Danny Manning 1988-03 Los Angeles Clippers, Atlanta Hawks, Phoenix Suns, Milwaukee Bucks, Utah Jazz, Dallas Mavericks, Detroit Pistons
1%
1 Hersey Hawkins 1988-01 Philadelphia 76ers, Charlotte Hornets, Seattle SuperSonics, Chicago Bulls
1%
1* Jack Twyman 1955-66 Rochester / Cincinnati Royals
1%
3 Jamal Mashburn 1993-05 Dallas Mavericks, Miami Heat, Charlotte/New Orleans Hornets
1%
1 Jerome Kersey 1984-01 Portland Trail Blazers, Golden State Warriors, Los Angeles Lakers, Seattle SuperSonics, San Antonio Spurs, Milwaukee Bucks
1%
2 Jim Barnett 1966-77 Boston Celtics, San Diego Rockets, Portland Trail Blazers, Golden State Warriors, New Orleans Jazz, New York Knicks, Philadelphia 76ers
1%
2 Jose Calderon 2005-19 Toronto Raptors, Detroit Pistons, Dallas Mavericks, New York Knicks, Los Angeles Lakers, Atlanta Hawks, Cleveland Cavaliers
1%
3 Kendall Gill 1990-05 Charlotte Hornets, Seattle SuperSonics, New Jersey Nets, Miami Heat, Minnesota Timberwolves, Chicago Bulls, Milwaukee Bucks
1%
2 Kirk Hinrich 2003-16 Chicago Bulls, Washington Wizards, Atlanta Hawks
1%
1 Larry Hughes 1998-12 Philadelphia 76ers, Golden State Warriors, Washington Wizards, Cleveland Cavaliers, Chicago Bulls, New York Knick, Charlotte Bobcats, Orlando Magic
1%
3 Larry Kenon 1973-83 New York Nets, San Antonio Spurs, Chicago Bulls, Golden State Warriors, Cleveland Cavaliers
1%
1 Leonard Gray 1974-77 Seattle SuperSonics, Washington Bullets
1%
1 Lonnie Shelton 1976-86 New York Knicks, Seattle SuperSonics, Cleveland Cavaliers
1%
8 Mookie Blaylock 1989-02 New Jersey Nets, Atlanta Hawks, Golden State Warriors
1%
4 Nate McMillan 1986-98 Seattle SuperSonics
1%
1* Neil Johnston 1951-59 Philadelphia Warriors
1%
6 Paul Pressey 1982-93 Milwaukee Bucks, San Antonio Spurs, Golden State Warriors
1%
1 Purvis Short 1978-90 Golden State Warriors, Houston Rockets, New Jersey Nets
1%
1 Rafer Alston 1999-10 Milwaukee Bucks, Toronto Raptors, Miami Heat, Houston Rockets, Orlando Magic, New Jersey Nets, Miami Heat
1%
16* Richie Guerin 1956-67, 1968-70 New York Knicks, St. Louis / Atlanta Hawks
1%
9 Sam Lacey 1970-83 Cincinnati Royals / Kansas City-Omaha Kings / Kansas City Kings, New Jersey Nets, Cleveland Cavaliers
1%
7 Sidney Wicks 1971-81 Portland Trail Blazers, Boston Celtics, San Diego Clippers
1%
4 Slick Watts 1973-79 Seattle SuperSonics, New Orleans Jazz, Houston Rockets
1%
1 Steve Patterson 1971-76 Cleveland Cavaliers, Chicago Bulls
1%
1 Swen Nater 1973-84 San Antonio Spurs, New York Nets, Milwaukee Bucks, Buffalo Braves / San Diego Clippers, Los Angeles Lakers
1%
2 Terrell Brandon 1991-02 Cleveland Cavaliers, Milwaukee Bucks, Minnesota Timberwolves
1%
1 Tomas Satoransky 2016- Washington Wizards, Chicago Bulls, New Orleans Pelicans
1%
4 Tree Rollins 1977-95 Atlanta Hawks, Cleveland Cavaliers, Detroit Pistons, Houston Rockets, Orlando Magic
1%
1 Ty Lawson 2009-18 Denver Nuggets, Houston Rockets, Indiana Pacers, Sacramento Kings, Washington Wizards
1%
5 Vern Fleming 1984-96 Indiana Pacers, New Jersey Nets
1%
1 Vin Baker 1993-06 Milwaukee Bucks, Seattle SuperSonics, Boston Celtics, New York Knicks, Houston Rockets, Los Angeles Clippers
1%
1* Al Attles 1960-71 Philadelphia / San Francisco Warriors
0%
1 Al Skinner 1974-80 New York/New Jersey Nets, Detroit Pistons, Philadelphia 76ers
0%
1 Andrew Toney 1980-88 Philadelphia 76ers
0%
7 Anthony Mason 1989-03 New Jersey Nets, Denver Nuggets, New York Knicks, Charlotte Hornets, Miami Heat, Milwaukee Bucks
0%
1 Benoit Benjamin 1985-99 Los Angeles Clippers, Seattle SuperSonics, Los Angeles Lakers, New Jersey Nets, Vancouver Grizzlies, Milwaukee Bucks, Toronto Raptors, Philadelphia 76ers, Cleveland Cavaliers
0%
1 Beno Udrih 2004-17 San Antonio Spurs, Sacramento Kings, Milwaukee Bucks, Orlando Magic, New York Knicks, Memphis Grizzlies, Miami Heat, Detroit Pistons
0%
1 Ben Uzoh 2010-12 New Jersey Nets, Cleveland Cavaliers, Toronto Raptors
0%
1 Billy Owens 1991-01 Golden State Warriors, Miami Heat, Sacramento Kings, Seattle SuperSonics, Philadelphia 76ers, Detroit Pistons
0%
1 Bobby Phills 1992-00 Cleveland Cavaliers, Charlotte Hornets
0%
7 Bob Kauffman 1968-75 Seattle SuperSonics, Chicago Bulls, Buffalo Braves, Atlanta Hawks
0%
2 Bob Sura 1995-05 Cleveland Cavaliers, Golden State Warriors, Detroit Pistons, Atlanta Hawks, Houston Rockets
0%
2 Bo Outlaw 1994-07 Los Angeles Clippers, Orlando Magic, Phoenix Suns, Memphis Grizzlies
0%
1 Brian Shaw 1988-03 Boston Celtics, Miami Heat, Orlando Magic, Golden State Warriors, Philadelphia 76ers, Portland Trail Blazers, Los Angeles Lakers
0%
1 Bucky Blockhorn 1958-65 Cincinnati Royals
0%
2 Chris Childs 1994-03 New Jersey Nets, New York Knicks, Toronto Raptors
0%
1 Chris Duhon 2004-13 Chicago Bulls, New York Knicks, Orlando Magic, Los Angeles Lakers
0%
1 Clarence Weatherspoon 1992-05 Philadelphia 76ers, Golden State Warriors, Miami Heat, Cleveland Cavaliers, New York Knicks, Houston Rockets
0%
1 Clem Haskins 1967-76 Chicago Bulls, Phoenix Suns, Washington Bullets
0%
2 Dale Schlueter 1968-78 San Francisco Warriors, Portland Trail Blazers, Philadelphia 76ers, Atlanta Hawks, Buffalo Braves, Phoenix Suns
0%
1 Dana Barros 1989-02, 2004 Seattle SuperSonics; Philadelphia 76ers, Boston Celtics, Detroit Pistons
0%
1 Dan Roundfield 1975-87 Indiana Pacers, Atlanta Hawks, Detroit Pistons, Washington Bullets
0%
1 Darrall Imhoff 1960-72 New York Knicks, Detroit Pistons, Los Angeles Lakers, Philadelphia 76ers, Cincinnati Royals, Portland Trail Blazers
0%
1 Dave Greenwood 1979-91 Chicago Bulls, San Antonio Spurs, Denver Nuggets, Detroit Pistons
0%
1 Derrick McKey 1987-02 Seattle SuperSonics, Indiana Pacers, Philadelphia 76ers
0%
1* Dick McGuire 1949-60 New York Knicks, Detroit Pistons
0%
1 Donnie Butcher 1961-66 New York Knicks, Detroit Pistons
0%
2 Drew Gooden 2002-16 Memphis Grizzlies, Orlando Magic, Cleveland Cavaliers, Chicago Bulls, Sacramento Kings, San Antonio Spurs, Dallas Mavericks, Los Angeles Clippers, Milwaukee Bucks, Washington Wizards
0%
1 Earl Watson 2001-14 Seattle SuperSonics, Memphis Grizzlies, Denver Nuggets, Seattle SuperSonics / Oklahoma City Thunder, Indiana Pacers, Utah Jazz, Portland Trail Blazers
0%
2* Ed Macauley 1949-59 St. Louis Bombers, Boston Celtics, St. Louis Hawks
0%
1 Ed Ratleff 1973-78 Houston Rockets
0%
1 Eric Snow 1995-09 Seattle SuperSonics, Philadelphia 76ers, Cleveland Cavaliers
0%
1 Gene Banks 1981-87 San Antonio Spurs, Chicago Bulls
0%
1 Gene Shue 1954-64 Philadelphia Warriors, New York Knicks,Fort Wayne/Detroit Pistons, Baltimore Bullets
0%
1 George Ratkovicz 1947-55 Rochester Royals, Tri-Cities Blackhawks, Syracuse Nationals, Baltimore Bullets, Milwaukee Hawks
0%
1 Greivis Vasquez 2010-16 Memphis Grizzlies, New Orleans Hornets, Sacramento Kings, Toronto Raptors, Milwaukee Bucks, Brooklyn Nets
0%
19* Guy Rodgers 1958-70 Philadelphia/San Francisco Warriors, Chicago Bulls, Cincinnati Royals, Milwaukee Bucks
0%
1 Herm Gilliam 1969-77 Cincinnati Royals, Buffalo Braves, Atlanta Hawks, Seattle SuperSonics, Portland Trail Blazers
0%
1 Hot Rod Hundley 1957-63 Minneapolis / Los Angeles Lakers
0%
2 Jamaal Tinsley 2001-13 Indiana Pacers, Memphis Grizzlies, Utah Jazz
0%
1 James Posey 1999-11 Denver Nuggets, Houston Rockets, Memphis Grizzlies, Miami Heat, Boston Celtics, New Orleans Hornets, Indiana Pacers
0%
1 Jeff McInnis 1996, 1999-08 Denver Nuggets, Washington Wizards, Los Angeles Clippers, Portland Trail Blazers, Cleveland Cavaliers, New Jersey Nets, Charlotte Bobcats
0%
1 Jeff Mullins 1964-76 St. Louis Hawks, San Francisco / Golden State Warriors
0%
5 Jeff Ruland 1981-87, 1992-93 Washington Bullets, Philadelphia 76ers, Detroit Pistons
0%
1 Joe Meriweather 1975-85 Houston Rockets, Atlanta Hawks, New Orleans Jazz, New York Knicks, Kansas City Kings
0%
1 Johnny McCarthy 1956-64 Rochester / Cincinnati Royals, St. Louis Hawks, Boston Celtics
0%
1 John Salmons 2002-15 Philadelphia 76ers, Sacramento Kings, Chicago Bulls, Milwaukee Bucks, Toronto Raptors, New Orleans Pelicans
0%
1 John Shumate 1975-81 Phoenix Suns, Buffalo Braves, Detroit Pistons, Houston Rockets, San Antonio Spurs, Seattle SuperSonics
0%
1 Ken Norman 1987-97 Los Angeles Clippers, Milwaukee Bucks, Atlanta Hawks
0%
1 Kenny Sears 1955-64 New York Knicks, San Francisco Warriors
0%
1 Kevin Gamble 1987-97 Portland Trail Blazers, Boston Celtics, Miami Heat, Sacramento Kings
0%
3 Larry Costello 1954-68 Philadelphia Warriors, Syracuse Nationals / Philadelphia 76ers
0%
1 Larry Steele 1971-80 Portland Trail Blazers
0%
1 Lee Winfield 1969-76 Seattle SuperSonics, Buffalo Braves, Kansas City Kings
0%
3 Lester Conner 1982-95 Golden State Warriors, Houston Rockets, New Jersey Nets, Milwaukee Bucks, Los Angeles Clippers, Indiana Pacers, Los Angeles Lakers
0%
2 Lewis Lloyd 1981-87,1990 Golden State Warriors, Houston Rockets, Philadelphia 76ers
0%
1 Mario Hezonja 2015-20 Orlando Magic, New York Knicks, Portland Trail Blazers
0%
11* Maurice Stokes 1955-58 Rochester / Cincinnati Royals
0%
1 McCoy McLemore 1964-72 San Francisco Warriors, Chicago Bulls, Phoenix Suns, Detroit Pistons, Cleveland Cavaliers, Milwaukee Bucks, Houston Rockets
0%
1 Mike Bantom 1973-82 Phoenix Suns, Seattle SuperSonics, New York Nets, Indiana Pacers, Philadelphia 76ers
0%
16 Norm Van Lier 1969-1979 Cincinnati Royals, Chicago Bulls, Milwaukee Bucks
0%
1 Orlando Woolridge 1981-94 Chicago Bulls, New Jersey Nets, Los Angeles Lakers, Denver Nuggets, Detroit Pistons, Milwaukee Bucks, Philadelphia 76ers
0%
1 Paul Hoffman 1949-55 Baltimore Bullets, New York Knicks, Philadelphia Warriors
0%
1 Paul Seymour 1949-60 Baltimore Bullets, Syracuse Nationals
0%
1 Ramon Sessions 2007-18 Milwaukee Bucks, Minnesota Timberwolves, Cleveland Cavaliers, Los Angeles Lakers, Charlotte Bobcats, Sacramento Kings, Washington Wizards, Charlotte Hornets, New York Knicks
0%
2 Rich Kelley 1975-86 New Orleans Jazz, New Jersey Nets, Phoenix Suns, Denver Nuggets, Utah Jazz, Sacramento Kings
0%
1 Ricky Sobers 1975-86 Phoenix Suns, Indiana Pacers, Chicago Bulls, Washington Bullets, Seattle SuperSonics
0%
2 Robert Pack 1991-04 Portland Trail Blazers, Denver Nuggets, Washington Bullets, New Jersey Nets, Dallas Mavericks, Minnesota Timberwolves, New Orleans Hornets
0%
5 Rodney McCray 1983-93 Houston Rockets, Sacramento Kings, Dallas Mavericks, Chicago Bulls
0%
1 Rory Sparrow 1980-92 New Jersey Nets, Atlanta Hawks, New York Knicks, Chicago Bulls, Miami Heat, Sacramento Kings, Los Angeles Lakers
0%
1 Ryan Gomes 2005-14 Boston Celtics, Minnesota Timberwolves, Los Angeles Clippers, Oklahoma City Thunder
0%
1 Shabazz Napier 2014-20 Miami Heat, Orlando Magic, Portland Trail Blazers, Brooklyn Nets, Minnesota Timberwolves, Washington Wizards
0%
1 Sherman Douglas 1989-01 Miami Heat, Boston Celtics, Milwaukee Bucks, New Jersey Nets, Los Angeles Clippers
0%
1 Sleepy Floyd 1982-95 New Jersey Nets, Golden State Warriors, Houston Rockets, San Antonio Spurs
0%
2 Steve Blake 2003-16 Washington Wizards, Portland Trail Blazers, Milwaukee Bucks, Denver Nuggets, Los Angeles Clippers, Los Angeles Lakers, Golden State Warriors, Detroit Pistons
0%
1 Steve Hawes 1974-84 Houston Rockets, Portland Trail Blazers, Atlanta Hawks, Seattle SuperSonics
0%
1 Steve Stipanovitch 1983-88 Indiana Pacers
0%
5 Tom Boerwinkle 1968-78 Chicago Bulls
0%
20* Tom Gola 1955-56, 1957-66 Philadelphia/San Francisco Warriors, New York Knicks
0%
1 Tom Gugliotta 1992-05 Washington Bullets, Golden State Warriors, Minnesota Timberwolves, Phoenix Suns, Utah Jazz, Boston Celtics, Atlanta Hawks
0%
1 Tony Wroten 2012-16 Memphis Grizzlies, Philadelphia 76ers
0%
1 Tyrone Corbin 1985-01 San Antonio Spurs, Cleveland Cavaliers, Phoenix Suns, Minnesota Timberwolves, Utah Jazz, Atlanta Hawks, Sacramento Kings, Miami Heat, Toronto Raptors
0%
1 Walt Hazzard 1964-74 Los Angeles Lakers, Seattle SuperSonics, Atlanta Hawks, Buffalo Braves, Golden State Warriors
0%
1* Wayne Embry 1958-69 Cincinnati Royals, Boston Celtics, Milwaukee Bucks
0%
1 Wilbur Holland 1975-79 Atlanta Hawks, Chicago Bulls
0%
Aucun quiz correspondant
Distribution des résultats
% des personnes avec chaque résultat
Percentile par nombre de réponses
Votre historique - résultats
Vous n’avez pas pris ce quiz depuis la dernière actualisation